|
|
|
|
| LEADER |
01227nam a2200289 a 4500 |
| 001 |
000393268 |
| 003 |
CZ BrMZK |
| 005 |
19980107143423.0 |
| 008 |
980107s1996 xr f cze d |
| 015 |
|
|
|a cnb000388503
|
| 035 |
|
|
|a (OCoLC)42029446
|
| 040 |
|
|
|a BOA001
|b cze
|
| 080 |
|
|
|a 372.82(078):373.33
|2 MRF
|
| 100 |
1 |
|
|a Schrötterová, Pavla
|7 kpwa6371
|4 aut
|
| 245 |
1 |
0 |
|a Bůh nás volá :
|b pracovní sešit pro pátý ročník základních škol : [pracovní sešit k učebnici římskokatolického náboženství pro 5. ročník základních škol] /
|c [zpracovaly: Pavla Schrötterová a Dagmar Vedrová]
|
| 246 |
1 |
4 |
|a Pracovní sešit k učebnici 5. ročníku
|
| 250 |
|
|
|a 2. vyd.
|
| 260 |
|
|
|a Olomouc :
|b Matice cyrilometodějská,
|c 1996
|
| 300 |
|
|
|a 68 s. :
|b il. ;
|c 29 cm
|
| 500 |
|
|
|a Vyd. Čes. biskupská konference. - Rozmn.
|
| 653 |
0 |
|
|a náboženství
|
| 700 |
1 |
|
|a Vedrová, Dagmar
|7 xx0060817
|4 aut
|
| 710 |
2 |
|
|a Katolická církev.
|b Česká biskupská konference
|7 kn20010724365
|
| 910 |
|
|
|a BOA001
|b PK-N-0034.354
|
| 964 |
|
|
|a Náboženství
|x sešity pracovní
|x školy základní
|
| 990 |
|
|
|a BK
|
| 996 |
7 |
|
|b 3119015572
|c PK-N-0034.354
|l MZK
|r Sklad / do 1 hodiny
|n 3
|p kup
|w 000393268
|u 000010
|a 1
|e BOA001
|j MZK50
|s A
|